Klastrové iniciatívy v rámci EÚ diplomová práca

Enregistré dans:
Détails bibliographiques
Auteur principal: Čelková, Silvia
Collectivité auteur: Fakulta podnikového manažmentu EU. Katedra podnikovohospodárska
Autres auteurs: Gajdová, Denisa, 1977-
Format: Livre
Langue:slovaque
Publié: Bratislava 2013
Tags: Ajouter un tag
Pas de tags, Soyez le premier à ajouter un tag!

MARC

LEADER 00000nbm a2200000 4500
001 0170986
005 20161109102422.6
041 0 |a slo 
044 |a SK 
245 1 0 |a Klastrové iniciatívy v rámci EÚ  |b diplomová práca  |c Silvia Čelková ; školiteľ: Denisa Gajdová 
264 1 |a Bratislava  |c 2013 
300 |a 78 s. 
100 1 |a Čelková, Silvia 
700 1 |a Gajdová, Denisa, 1977- 
710 2 |a Fakulta podnikového manažmentu EU. Katedra podnikovohospodárska